| 000 | 00469nam a2200193Ia 4500 | ||
|---|---|---|---|
| 008 | 170918s9999 xx 000 0 und d | ||
| 020 | _a9781561485680 | ||
| 050 | _bM284 2007 | ||
| 100 | _aManning, Mick | ||
| 245 | _aCock-a-doodle-hooooooo! / | ||
| 245 | _cMick Manning and Brita Granstrom. | ||
| 260 | _aLondon : | ||
| 260 | _bGood Books, | ||
| 260 | _c2007 | ||
| 300 | _aunpaged : | ||
| 300 | _bcolored illustration ; | ||
| 300 | _c24cm. | ||
| 500 | _a400 | ||
| 999 |
_c342608 _d342608 |
||